| 000 | 00000nam##2200000za#4500 |
| 001 | 9.688615 |
| 003 | CaOODSP |
| 005 | 20210624231518 |
| 007 | cr ||||||||||| |
| 008 | 150407|1996||||xxc|||||o f|0| 0 eng|d |
| 040 | |aCaOODSP|beng |
| 043 | |an-cn--- |
| 086 | 1 |aSW21-16/1996E-PDF |
| 110 | 1 |aCanada. |bStatus of Women Canada. |
| 245 | 10|aGender-based analysis : |h[electronic resource]|ba guide for policy-making |
| 260 | |aOttawa - Ontario : |bStatus of Women Canada |c1996. |
| 300 | |a38p.|bfig. |
| 500 | |a"In 1995, the federal government adopted a policy requiring federal departments and agencies to conduct gender-based analysis of future policies and legislation, where appropriate. This guide is a "hands-on" working document developed by Status of Women Canada to assist in the implementation of this government-wide policy. It is part of a pilot project designed to begin the implementation of this form of analysis over a period of five years."--Introduction. |
| 500 | |aThe catalogue number and ISBN for the bilingual print edition have been incorrectly copied in this electronic publication. |
| 520 | 3 |aIn 1995, the federal government adopted a policy requiring federal departments and agencies to conduct gender-based analysis of future policies and legislation, where appropriate. This guide is a hands-on working document developed by Status of Women Canada to assist in the implementation of this government-wide policy. It is part of a pilot project designed to begin the implementation of this form of analysis over a period of five years.--Introduction |
| 590 | |a06-10-Supp|b2006-12-15 |
| 690 | 07|aGender discrimination|2gcpds |
| 690 | 07|aGovernment policy|2gcpds |
| 690 | 07|aPolicy development|2gcpds |
| 690 | 07|aPolicy review|2gcpds |
| 690 | 07|aStatus of women|2gcpds |
| 775 | 08|tAnalyse comparative entre les sexes : |w(CaOODSP)9.633037 |
| 776 | 0#|tGender-based analysis : |w(CaOODSP)9.658365 |
| 776 | 0#|tAnalyse comparative entre les sexes : |w(CaOODSP)9.658366 |
| 856 | 40|ahttp://publications.gc.ca|qPDF|s72 KB|uhttps://publications.gc.ca/collections/Collection/SW21-16-1996E.pdf |